LEADER 00960nam0-22003251i-450- 001 990001096830403321 035 $a000109683 035 $aFED01000109683 035 $a(Aleph)000109683FED01 035 $a000109683 100 $a20000920d1960----km-y0itay50------ba 101 0 $aeng 200 1 $aBasic principles of nuclear science and reactors$fAlan M. Jacobs, Donald E. Kline, Forrest J. Remick 210 $aToronto [etc.]$cVan Nostrand$d1960 215 $a148 p.$d20 cm 225 1 $aVan Nostrand Nuclear Science Series 610 0 $aEnergia nucleare 610 0 $aReattori 676 $a539.74 700 1$aJacobs,$bAlan M.$052204 702 1$aKline,$bDonald E. 702 1$aRemick,$bForrest J. 801 0$aIT$bUNINA$gRICA$2UNIMARC 901 $aBK 912 $a990001096830403321 952 $a34B-077$b16967$fFI1 959 $aFI1 996 $aBasic principles of nuclear science and reactors$9335447 997 $aUNINA DB $aING01 LEADER 01550nam2 22003133i 450 001 MIL0321298 005 20231121125544.0 010 $a8880080466 100 $a20141021d1996 ||||0itac50 ba 101 | $aita 102 $ait 181 1$6z01$ai $bxxxe 182 1$6z01$an 200 1 $a˜2: œCorpo stradale e pavimentazioni$fPaolo Ferrari e Franco Giannini 210 $aTorino$cISEDI$cUTET$d1996 215 $aVIII, 409 p., [2] carte di tav.$d24 cm. 461 1$1001MIL0081977$12001 $aIngegneria stradale$fPaolo Ferrari e Franco Giannini$v2 606 $aStrade$xProgettazione$2FIR$3RMLC161694$9I 676 $a625.725$9STRADE E AUTOSTRADE. Progettazione$v21 700 1$aFerrari$b, Paolo$f <1931- >$3MILV057246$4070$0330016 701 1$aGiannini$b, Franco$f <1944- >$3CFIV090400$4070$07505 801 3$aIT$bIT-01$c20141021 850 $aIT-FR0099 899 $aBiblioteca Area Ingegneristica$bFR0099 912 $aMIL0321298 950 2$aBiblioteca Area Ingegneristica$d 54DMS 625.7 FER II$e 54VM 0000113775 VM barcode:ING246M. - Inventario:246mVM$fA $h20020129$i20121204$d 54DMS 625.7 FER II$e 54VM 0000113765 VM barcode:BAIN003220. - Inventario:1957M. - Fondo:Polo Didattico FrosinoneVM$fA $h20060125$i20121204$d 54DMS 625.7 FER II$e 54VM 0000113755 VM barcode:BAIN002298. - Inventario:2156MVM$fA $h20061221$i20121204 977 $a 54 996 $aCorpo stradale e pavimentazioni$91572343 997 $aUNICAS